00341nam a2200133Ia 4500008004100000041000800041082001800049100001700067245006000084260002200144300000800166365001600174700001700190230718s9999 xx 000 0 und d aeng a005.3684bMCF aMcFedries P. aFormulas And Functions With Microsoft Office Excel 2007 bPearson Education a523 cRs.b475.00 aMcFedries P.